|
|
|
|
| LEADER |
00000nam0a2200000 4500 |
| 001 |
362227 |
| 005 |
20231102011452.0 |
| 035 |
|
|
|a (RuTPU)RU\TPU\retro\19573
|
| 090 |
|
|
|a 362227
|
| 100 |
|
|
|a 20210720d1980 km y0rusy50 ca
|
| 101 |
0 |
|
|a rus
|
| 102 |
|
|
|a RU
|
| 105 |
|
|
|a a z 001zy
|
| 200 |
1 |
|
|a Дисперсионное упрочнение тугоплавких металлов
|f В. К. Григорович, Е. Н. Шефтель
|g Академия наук СССР, Институт металлургии им. А. А. Байкова
|
| 210 |
|
|
|a Москва
|c Наука
|d 1980
|
| 215 |
|
|
|a 304 с.
|c ил.
|
| 320 |
|
|
|a Библиогр. в конце гл.
|
| 606 |
1 |
|
|a Металлы тугоплавкие
|x Металловедение
|2 stltpush
|3 (RuTPU)RU\TPU\subj\43375
|9 62884
|
| 610 |
1 |
|
|a дисперсионное упрочение
|
| 610 |
1 |
|
|a строение
|
| 610 |
1 |
|
|a свойства
|
| 610 |
1 |
|
|a упрочнение
|
| 610 |
1 |
|
|a сплавы
|
| 610 |
1 |
|
|a кристаллизация
|
| 610 |
1 |
|
|a нитридное упрочнение
|
| 610 |
1 |
|
|a оксидное упрочнение
|
| 675 |
|
|
|a 669.018.45
|v 4
|
| 700 |
|
1 |
|a Григорович
|b В. К.
|g Всеволод Константинович
|
| 701 |
|
1 |
|a Шефтель
|b Е. Н.
|g Елена Наумовна
|
| 712 |
0 |
2 |
|a Академия наук СССР
|b Институт металлургии им. А. А. Байкова
|c (Москва)
|2 stltpush
|3 (RuTPU)RU\TPU\col\312
|9 23341
|
| 801 |
|
1 |
|a RU
|b 63413507
|c 20210720
|
| 942 |
|
|
|c BK
|